000 00552nam a22001937a 4500
003 OSt
005 20140310182023.0
008 130801t xxu||||| |||| 00| 0 eng d
020 _a9718740007
050 _aQA 43
_b.Al386 2010
082 _aTR 510
_bAl1 1995
100 _aAlferez, Merle
_91038
245 _aComprehensive mathematics reviewer /
_cMerle Alferez.
260 _aPhilippines :
_bMSA Publishing House,
_cc2010.
300 _a163 p. :
_bill. ;
_c26 cm.
650 _aMath reviewer.
_97197
942 _2lcc
_cBK-TR
_kTR
999 _c8399
_d8399